000 00306nam a22001337a 4500
008 170714b xxu||||| |||| 00| 0 eng d
020 _a00634884X
041 _aeng
080 _a038
100 _a24
101 _aFJA
245 _aTHE FONTANA DICTIONARY OF MODERN THOUGHT
_cBULLOCK,A
942 _2udc
_cBK
999 _c20981
_d20981